|
|
|
|
| LEADER |
01426nam a2200373 4500 |
| 001 |
000024543 |
| 003 |
21031 |
| 005 |
20161213151202.0 |
| 008 |
161213s2010 engsd |
| 020 |
|
|
|a 1412979803 (pbk.)
|a 9781412979801 (pbk.)
|
| 041 |
0 |
|
|a eng
|
| 082 |
1 |
4 |
|a 428.40712
|b Tak
|
| 100 |
1 |
|
|q (Laura Ann)
|
| 245 |
0 |
0 |
|a Taking the lead on adolescent literacy
|b action steps for schoolwide success
|c Judith L. Irvin ... [et al.] ; foreword by Andrés Henríquez.
|
| 260 |
|
|
|a [Newark, Del.]
|a Thousand Oaks, Calif.
|b International Reading Association
|b Corwin Press
|c 2010.
|
| 300 |
|
|
|a xi, 230 p.
|b ill.
|c 28 cm.
|
| 500 |
|
|
|a "For grades 4-12."
|
| 504 |
|
|
|a Includes bibliographical references (p. 227) and index.
|
| 650 |
|
0 |
|a Language arts (Secondary)
|
| 650 |
|
0 |
|a Literacy programs.
|
| 650 |
|
0 |
|a School improvement programs.
|
| 653 |
|
|
|a Tiếng Anh
|
| 700 |
1 |
|
|a Irvin, Judith L.
|d 1947-
|d 1906-1998.
|q (Sandra M.)
|
| 700 |
1 |
|
|q (Margaret M.)
|
| OWN |
|
|
|a LSP
|
| AVA |
|
|
|a UDN50
|b LSP
|d 428.40712 Tak
|e available
|t Error 5001 Not defined in file expand_doc_bib_avail.
|f 1
|g 0
|h N
|i 0
|k 1
|
| 999 |
|
|
|a From the UDN01
|
| AVA |
|
|
|a UDN50
|b LSP
|d 428.40712 Tak
|e available
|t Error 5001 Not defined in file expand_doc_bib_avail.
|f 1
|g 0
|h N
|i 0
|k 1
|
| TYP |
|
|
|a Monograph
|
| TYP |
|
|
|a Printed language
|
| 980 |
|
|
|a Mạng thư viện Đại học Đà Nẵng
|